000 01360nam a2200253 4500
999 _c56856
_d56856
003 Ge_BSU
005 20190516204512.0
008 190516s1992 ge ||||| |||| 00| 0 geo d
020 _a5520010811
041 _ageo
080 _a 091(=14'04) + 821.14'04.09 ქ-34
100 _aქაჯაია, ნინო
_91285
245 _aბასილი კესარიელის თხზულებათა ძველი ქართული თარგმანები /
_cრედ.: ც. ქურციკიძე ; საქ. მეცნ. აკად., კ. კეკელიძის სახ. ხელნაწ. ინ-ტი.
264 _aთბილისი :
_b მეცნიერება,
_c1992.
300 _a352გვ. ;
_b26სმ.
504 _aბიბლიოგრ.: გვ. 339.
520 _aრეზ. რუს. და ინგლ. ენ..
653 _aბასილი კესარიელი
653 _a ბიზანტიური მწერლობა
653 _aბიზანტიური ხელნაწერები
700 _aქურციკიძე, ც.
_eრედაქტორი
_91286
710 _aსაქ. მეცნ. აკად., კ. კეკელიძის სახ. ხელნაწ. ინ-ტი.
_91287
942 _2udc
_cBK